Alava en medio / (Record no. 84999)

MARC details
000 -LEADER
campo de control de longitud fija 00665nam a2200193 i 4500
001 - NÚMERO DE CONTROL
campo de control 84999
003 - IDENTIFICADOR DE NÚMERO DE CONTROL
campo de control ES-MaACL
005 - FECHA Y HORA DE LA ÚLTIMA TRANSACCIÓN
campo de control 20230906175148.0
007 - CAMPO FIJO DE DESCRIPCIÓN FÍSICA--INFORMACIÓN GENERAL
campo de control de longitud fija t|
008 - DATOS DE LONGITUD FIJA--INFORMACIÓN GENERAL
campo de control de longitud fija 041124s1967 sp ||||1| spa d
100 1# - ENTRADA PRINCIPAL--NOMBRE DE PERSONA
Nombre de persona Jevenois, Pedro.
9 (RLIN) 66383
245 10 - MENCIÓN DEL TÍTULO
Título Alava en medio /
Mención de responsabilidad, etc. Pedro Jevenois.
260 ## - PUBLICACIÓN, DISTRIBUCIÓN, ETC.
Lugar de publicación, distribución, etc. [Vitoria :
Nombre del editor, distribuidor, etc. Caja de Ahorros Municipal de Vitoria,
Fecha de publicación, distribución, etc. 1967]
300 ## - DESCRIPCIÓN FÍSICA
Extensión 66 p. ;
Dimensiones 21 cm.
490 1# - MENCIÓN DE SERIE
Mención de serie Publicaciones de la Obra Cultural de la Caja de Ahorros de la Ciudad de Vitoria
830 0# - PUNTO DE ACCESO ADICIONAL DE SERIE-TÍTULO UNIFORME
Título uniforme Publicaciones de la Obra Cultural de la Caja de Ahorros de la Ciudad de Vitoria
9 (RLIN) 231688
852 ## - LOCALIZACIÓN
Ubicación ES-MaACL
Número de control de estantería C-33073
Sublocalización o colección R.63252
Holdings
Estatus retirado Estado de pérdida Estado de daño No para préstamo Biblioteca de origen Biblioteca actual Ubicación en estantería Fecha de adquisición Fuente de adquisición Total de préstamos Signatura topográfica completa Código de barras Visto por última vez Precio de reemplazo Tipo de ítem Koha
        Biblioteca del Ateneo de Madrid Biblioteca del Ateneo de Madrid Depósito 2 17/01/2008     C-33073 1088825 23/02/2023 23/02/2023 Libro impreso